000 00627mam a2200241 a 4500
001 2111149
003 ARRUPE
005 20140122105809.0
008 980302s1998 enk 000 0 eng d
010 _agb 98018743
015 _aGB98-18743
020 _a0241139287 (hbk)
020 _a0241139309 (pbk)
035 _a(OCoLC)ocm38549989
040 _aUKM
_cUKM
_dGZM
090 _aPR6052.O9192
_bA66 1998b
100 1 _aBoyd, William,
_d1952-
_96889
245 1 0 _aArmadillo /
_cWilliam Boyd.
260 _aLondon :
_bHamish Hamilton,
_c1998.
300 _a309 p. ;
_c24 cm.
942 _2lcc
_cMONOGRAPH
999 _c119638
_d119638